Journal of regional science
Saved in:
| Format: | Serial |
|---|---|
| Language: | English |
| Published: |
Philadelphia
Regional Science Research Institute
|
| Tags: |
No Tags, Be the first to tag this record!
|
MARC
| LEADER | 00000nas1a2200000 4500 | ||
|---|---|---|---|
| 001 | s123225 | ||
| 005 | 20250730114818.6 | ||
| 041 | 0 | |a eng | |
| 044 | |a US | ||
| 245 | 1 | 0 | |a Journal of regional science |
| 264 | 1 | |a Philadelphia |b Regional Science Research Institute | |